000 00268nam a22001217a 4500
082 _a920
_bCHA/S
100 _aCHANDRASEKHARAN, K
245 _aSIVASWAMI AIYER,P.S
260 _aINDIA
_bPUBLICATIONS DIVISION
300 _a156
650 _aBIOGRAPHY
_zINDIA
942 _cBK
999 _c6226
_d6226